| 000 | 00921cam a2200241 a 4500 | ||
|---|---|---|---|
| 001 | 000006502 | ||
| 005 | 20200929153936.0 | ||
| 008 | 740425s1972 xx ab 000 0 spa | ||
| 040 |
_aDO-SdBNP _bspa _cDLC _dBNPHU |
||
| 082 |
_a986.103 _bP613b |
||
| 100 | 1 |
_aPiedrahita Echeverri, Javier, _d1924- _918026 |
|
| 245 | 1 | 3 |
_aLa Batalla de Chorros Blancos / _cJavier Piedrahita Echeverri. |
| 260 |
_aMedellín, Colombia : _bImprenta Departamental de Antioquia, _c1972. |
||
| 300 |
_a119 p. : _bil., mapas ; _c23cm. |
||
| 500 | _aTítulo de la cubierta: Monografía de Chorros Blancos. | ||
| 504 | _aIncluye referencias bibliográfica (p. 115-116) | ||
| 650 | 4 |
_aColombia _xHistoria _y1810-1819 _918027 |
|
| 650 | 4 |
_aAntioquia, (colombia) _xHistoria _918028 |
|
| 650 | 4 |
_aBatalla de chorros blancos _zColombia _y1820 _918029 |
|
| 740 | 0 | _aMonografía de Chorros Blancos. | |
| 910 | _aCatalogación por copia / LC | ||
| 049 | _aBNGR | ||
| 999 |
_c6293 _d6293 |
||